00514nam a2200193 a 4500001001300000003000900013005001700022008004100039020000800080082001300088100001700101245005600118260003200174300000900206500003500215505001700250650003600267700001700303nice12345678IN_TiNIC20260116011256.0050524s1963 bosa grp 000 0 eng  ac000a973bJAM aJameson, J F aAmerican Revolution Considered as a Social Movement aBostonbBeacon Press c1963 a105p aincludes index and biblioraphy2 aNotes, Indes aUnited State of America-History1 aJameson, J F